|
|
|
|
| LEADER |
00000nam a22000007a 4500 |
| 005 |
20200608221227.0 |
| 007 |
cr|||| |||| |
| 008 |
200608s2018 cl |||||s|||| 00||0 spa d |
| 035 |
|
|
|a 31712
|
| 040 |
|
|
|a vLex
|
| 090 |
|
|
|c 10580
|d 10580
|
| 100 |
1 |
|
|a Meruane Osorio, Dione Sol
|
| 245 |
1 |
2 |
|a La extensin̤ del acuerdo arbitral a partes no signatarias en el arbitraje comercial internacional
|h [Recurso electrn̤ico] /
|c Dione Sol Meruane Osorio
|
| 256 |
|
|
|a Servicio en ln̕ea
|
| 260 |
|
|
|a Barcelona:
|b Editorial vLex,
|c 2018
|
| 300 |
|
|
|a 1 recurso electrn̤ico
|
| 506 |
1 |
|
|a Disponible solo en los productos indicados
|d vLex Global
|d vLex Global (Academic Edition, excluding Law Schools)
|d vLex Global (U.S. Academic Edition, Law Schools)
|d vLex Global (U.S. Academic Edition, excluding Law Schools)
|d vLex Global (Academic Edition, Law Schools)
|
| 650 |
0 |
4 |
|a Derecho Procesal
|z Chile
|
| 650 |
0 |
4 |
|a Derecho Internacional
|z Chile
|
| 740 |
0 |
|
|a vLex Libros (Servicio en ln̕ea)
|
| 856 |
4 |
0 |
|u http://vlex.com/source/extension-acuerdo-arbitral-partes-signatarias-arbitraje-comercial-internacional-31712
|z Acceso restringido
|
| 942 |
|
|
|c BOOK
|
| 999 |
0 |
|
|a Procedural Law
|
| 999 |
0 |
|
|a International Law
|